000 00616nam a2200193Ia 4500
003 OSt
005 20240315113724.0
008 210210b2008 xxu||||| |||| 00| 0 eng d
040 _cAL
041 _aKannada
082 _aK894.1 JAYJ
100 _aJAYANT KAIKINI
_dಜಯಂತ್ ಕಾಯ್ಕಿಣಿ
_9154494
245 _aJayant kaikini kavitegalu: ondu jilebi
_bಜಯಂತ್ ಕಾಯ್ಕಿಣಿ ಕವಿತೆಗಳು : ಒಂದು ಜಿಲೇಬಿ
260 _aBengaluru
_bAnkita Pustaka
_c2008
300 _a55
690 _aKannada Poetry
_9154498
906 _a064268
942 _2ddc
_cBK
999 _c140266
_d140266